00581nam a2200169Ia 4500008004100000020001500041041001200056082001600068100001900084245006700103260002500170300000800195650001600203942000700219999001500226952017000241221030s9999 xx 000 0 und d a8120311868 aEnglish a105.23bDas aD. G. Dastidar 0aComputers & Computation : A Beginners Guidecby D. G. Dastidar bPHIaNew Delhic1997 a214 aBE Computer cBK c1030d1030 pBE 3661g79.00l0o105.23 Dasr2024-06-13 00:00:00w2022-10-30yBK003Print4070aMIETLIBbMIETLIBcBL-Academic Block C, FL-2, CUP-48, SH-4, R-4d2001-04-0710HBE